000 00206nam a2200097Ia 4500
005 20251222114415.0
008 251222s1900||||xx |||||||||||||| ||spa||
082 _aDVD0124/O21
245 0 _aU2 18:
942 _cDVD
999 _c2191
_d2191